[Event "6th EICC"]
[Site "Warsaw POL"]
[Date "2005.06.20"]
[Round "3"]
[White "Karlsson,L"]
[Black "Leniart,A"]
[Result "0-1"]
[WhiteElo "2472"]
[BlackElo "2279"]
[EventDate "2005.06.18"]

1. Nf3 d5 2. b3 c5 3. Bb2 f6 4. e3 e5 5. Bb5+ Bd7 6. Qe2 Bd6 7. Bxd7+ Qxd7
8. c4 e4 9. Ng1 Nc6 10. a3 Be5 11. Nc3 Bxc3 12. Bxc3 d4 13. exd4 cxd4 14.
Bb2 O-O-O 15. Nh3 f5 16. O-O Nf6 17. f4 Ng4 18. Nf2 d3 19. Qe1 Nd4 20. Nxg4
Ne2+ 21. Kh1 fxg4 22. Qf2 Kb8 23. Qe3 Qf5 24. Bxg7 Rhg8 25. Bh6 g3 26. h3
Rg4 27. Bg5 Rd6 28. Rae1 h6 29. Be7 Re6 30. Qc5 Qxc5 31. Bxc5 Rxf4 32. Rxf4
Nxf4 33. Rf1 Ne2 34. Be3 Kc7 35. Rf7+ Kd8 36. a4 Ke8 37. Rf5 b6 38. a5 bxa5
39. Rxa5 Nc1 40. Ra1 Nxb3 41. Rb1 Nxd2 42. Bxd2 e3 43. Ba5 d2 44. Kg1 Rd6
45. Bxd2 exd2 46. Rd1 Re6 47. Kf1 Re1+ 48. Rxe1+ dxe1=Q+ 49. Kxe1 Kd7 0-1

[Event "6th EICC"]
[Site "Warsaw POL"]
[Date "2005.06.20"]
[Round "3"]
[White "Firman,N"]
[Black "Bleis,C"]
[Result "1-0"]
[WhiteElo "2471"]
[BlackElo "2258"]
[EventDate "2005.06.18"]

1. e4 c5 2. Nf3 d6 3. d4 cxd4 4. Nxd4 Nf6 5. Nc3 g6 6. Be3 Bg7 7. f3 O-O 8.
Qd2 Nc6 9. Bc4 Bd7 10. h4 Ne5 11. Bb3 Qa5 12. O-O-O Rfc8 13. h5 Nxh5 14.
Nd5 Qxd2+ 15. Rxd2 Kf8 16. g4 Nf6 17. Rdh2 Nexg4 18. fxg4 Nxg4 19. Rxh7 e6
20. Bf4 exd5 21. Bxd6+ Kg8 22. Bxd5 Bc6 23. Ne6 Bh6+ 24. R7xh6 Nxh6 25. Nc7
Rxc7 26. Bxc7 Kg7 27. Be5+ f6 28. Bxf6+ Kxf6 29. Rxh6 Bxd5 30. exd5 Ke5 31.
c4 Rc8 32. b3 b5 33. Rxg6 bxc4 34. Rc6 Rxc6 35. dxc6 Kd6 36. bxc4 Kxc6 37.
Kc2 Kc5 38. Kc3 a5 39. a4 1-0

[Event "6th EICC"]
[Site "Warsaw POL"]
[Date "2005.06.20"]
[Round "3"]
[White "Moranda,W"]
[Black "Swiercz,D"]
[Result "1-0"]
[WhiteElo "2452"]
[BlackElo "2136"]
[EventDate "2005.06.18"]

1. e4 c5 2. Nf3 Nc6 3. Nc3 e6 4. d4 cxd4 5. Nxd4 Qc7 6. Be3 a6 7. Qd2 Nf6
8. O-O-O Bb4 9. f3 Ne5 10. Nb3 b5 11. Qe1 Be7 12. f4 Nc4 13. e5 Ng4 14. Bd4
Nh6 15. Bd3 Bb7 16. Qf2 g6 17. Ne4 Nf5 18. Nd6+ Kf8 19. Nxb7 Qxb7 20. Bc5
Qc6 21. Bxf5 gxf5 22. Bxe7+ Kxe7 23. Nd4 Qc7 24. Rd3 Kd8 25. Rhd1 Kc8 26.
Qf3 Qb7 27. Qxb7+ Kxb7 28. Nb3 Nb6 29. Nc5+ Kc6 30. Nxd7 Nd5 31. Nf6 Rad8
32. c3 Kc5 33. b3 a5 34. Rd4 Rhg8 35. R1d2 1-0

[Event "6th EICC"]
[Site "Warsaw POL"]
[Date "2005.06.20"]
[Round "3"]
[White "Erenburg,S"]
[Black "Kuraszkiewicz,M"]
[Result "0-1"]
[WhiteElo "2575"]
[BlackElo "2300"]
[EventDate "2005.06.18"]

1. e4 e6 2. d4 d5 3. Nd2 Be7 4. Ngf3 Nf6 5. e5 Nfd7 6. c3 c5 7. Be2 O-O 8.
O-O Nc6 9. Nb3 c4 10. Nbd2 b5 11. a3 a5 12. Re1 Nb6 13. Nf1 Bd7 14. Bf4 b4
15. Qc1 bxa3 16. bxa3 a4 17. Bg5 Na5 18. Ra2 Rb8 19. Ng3 Na8 20. Nh5 Kh8
21. Bxe7 Qxe7 22. Bd1 Rb3 23. Re3 Nc7 24. Nd2 Nb5 25. Nb1 Qg5 26. Nd2 Nxd4
27. Rg3 Qxe5 28. cxd4 Qe1+ 29. Nf1 Rxg3 30. Nhxg3 Nb3 31. Qf4 Kg8 32. Nh5
Qxd1 33. Qg5 Qxd4 34. Re2 h6 35. Qg3 f5 36. Qd6 Rf7 37. Nf4 Qc5 38. Qb8+
Kh7 39. Nxe6 Bxe6 40. Rxe6 Qc7 41. Qa8 c3 42. Rc6 c2 43. Rxc7 Rxc7 44. Qxa4
Na1 45. Qf4 c1=Q 46. Qxf5+ g6 47. Qxd5 Qxa3 48. h4 Qc5 49. Qd1 Nc2 50. Ng3
Qd4 51. Qf3 Ne1 52. Qe2 Nd3 53. h5 gxh5 54. Ne4 Nf4 55. Qf3 Re7 56. Ng3 Qe5
57. Nf1 Qe4 58. Qxe4+ Rxe4 59. g3 Ne6 60. Ne3 Kg6 61. Kg2 Rxe3 62. fxe3 Ng5
0-1

[Event "6th EICC"]
[Site "Warsaw POL"]
[Date "2005.06.20"]
[Round "3"]
[White "Zelcic,R"]
[Black "Kachur,A"]
[Result "1-0"]
[WhiteElo "2514"]
[BlackElo "2281"]
[EventDate "2005.06.18"]

1. e4 c5 2. Nf3 e6 3. d4 cxd4 4. Nxd4 a6 5. Nc3 b5 6. Bd3 Bb7 7. O-O b4 8.
Nb1 Nc6 9. Nxc6 Bxc6 10. Qe2 a5 11. Bf4 d6 12. a3 Qb8 13. axb4 axb4 14. Nd2
e5 15. Bg5 Rxa1 16. Rxa1 Be7 17. Be3 Nf6 18. Ra6 Bd7 19. Nc4 O-O 20. Bg5
Qc7 21. Bxf6 Bxf6 22. Nxd6 Be7 23. Nf5 Bxf5 24. exf5 Rd8 25. g3 Rd4 26. Qe3
h6 27. h4 Bf6 28. Qf3 Qe7 29. Be4 Qc5 30. Rc6 Qa7 31. Bd5 Qd7 32. Be4 Rd6
33. Rc5 Rd1+ 34. Kg2 Rd4 35. Ra5 Qc7 36. Rb5 Qc4 37. Rb8+ Rd8 38. Rb7 Rd4
39. b3 Qc5 40. Qh5 Qf8 41. Bd3 e4 42. Bc4 Qd8 43. Rxf7 Rxc4 44. bxc4 1-0

[Event "6th EICC"]
[Site "Warsaw POL"]
[Date "2005.06.20"]
[Round "3"]
[White "Matras,A"]
[Black "Van der Weide,K"]
[Result "1/2-1/2"]
[WhiteElo "2280"]
[BlackElo "2472"]
[EventDate "2005.06.18"]

1. e4 c5 2. c3 Qa5 3. Nf3 g6 4. Be2 Bg7 5. O-O d6 6. d4 Nf6 7. Qc2 O-O 8.
Be3 Na6 9. Nbd2 cxd4 10. cxd4 Be6 11. a3 Rfc8 12. Qd3 d5 13. e5 Nd7 14. b4
Qd8 15. Nh4 f5 16. exf6 exf6 17. f4 f5 18. Nhf3 Nc7 19. Ne5 Nf6 20. Rac1
Nce8 21. Nb3 b6 22. b5 Nd6 23. Rc6 Rxc6 24. bxc6 Rc8 25. Rc1 Rc7 26. a4
Nfe4 27. a5 Nc4 28. axb6 axb6 29. Nd2 Ned6 30. Bf3 Qa8 31. Ndxc4 dxc4 32.
Qb1 Qa3 33. Bf2 Bxe5 34. dxe5 Ne4 35. Qa1 Qxa1 36. Rxa1 Rxc6 37. Bxe4 fxe4
38. Rb1 Kf7 39. Rxb6 Rc7 40. Ra6 Bc8 41. Rf6+ Kg7 42. Bb6 Rb7 43. Rc6 Bf5
44. Rc7+ Rxc7 45. Bxc7 g5 46. fxg5 Kg6 47. Kf2 Kxg5 48. Ke3 c3 49. Ba5 c2
50. Bd2 Bg6 51. Kd4+ Kf5 52. Be3 Be8 53. Kc3 Ba4 54. Kb4 Be8 55. Kc3
1/2-1/2

[Event "6th EICC"]
[Site "Warsaw POL"]
[Date "2005.06.20"]
[Round "3"]
[White "Praszak,M"]
[Black "Heberla,B"]
[Result "0-1"]
[WhiteElo "2261"]
[BlackElo "2454"]
[EventDate "2005.06.18"]

1. d4 Nf6 2. c4 g6 3. Nc3 Bg7 4. e4 O-O 5. Bg5 c6 6. Nf3 d5 7. exd5 cxd5 8.
cxd5 Nxd5 9. Bc4 Nxc3 10. bxc3 Qc7 11. Qb3 Nc6 12. Be2 e5 13. Be3 Be6 14.
Qa3 exd4 15. cxd4 Rfd8 16. Rd1 Bf8 17. Qa4 Qa5+ 18. Qxa5 Nxa5 19. Nd2 Nc6
20. Ne4 Bb4+ 21. Kf1 Bxa2 22. h4 Bb3 23. Rb1 Bc2 24. Rxb4 Nxb4 25. Nf6+ Kg7
26. Ng4 h5 27. Ne5 f6 28. Nf3 a5 29. g4 hxg4 30. Nd2 a4 31. Bxg4 a3 32. h5
a2 0-1

[Event "6th EICC"]
[Site "Warsaw POL"]
[Date "2005.06.20"]
[Round "3"]
[White "Bugajski,R"]
[Black "Szoen,D"]
[Result "0-1"]
[WhiteElo "2218"]
[BlackElo "2444"]
[EventDate "2005.06.18"]

1. Nf3 g6 2. d4 Bg7 3. g3 Nf6 4. Bg2 O-O 5. O-O d6 6. c4 Nc6 7. Nc3 a6 8.
h3 Rb8 9. Be3 Na5 10. Nd2 b5 11. cxb5 axb5 12. b4 Nc4 13. Nxc4 bxc4 14. b5
Bb7 15. d5 e6 16. Rb1 Qd7 17. a4 Nxd5 18. Nxd5 exd5 19. Bxd5 Ba8 20. Bxc4
Qf5 21. f3 Qxh3 22. Bf2 Rbe8 23. e4 Rxe4 24. Rb4 Re5 25. Be1 Rh5 26. Kf2
Re8 27. Rg1 Rf5 28. Bf1 Qh2+ 29. Rg2 Bxf3 30. Qxf3 Rxf3+ 31. Kxf3 Qh1 32.
Kf2 Rxe1 0-1

[Event "6th EICC"]
[Site "Warsaw POL"]
[Date "2005.06.20"]
[Round "3"]
[White "Sliwinski,M"]
[Black "Atakisi,U"]
[Result "0-1"]
[WhiteElo "2186"]
[BlackElo "2439"]
[EventDate "2005.06.18"]

1. e4 c5 2. Nf3 Nc6 3. d4 cxd4 4. Nxd4 Nf6 5. Nc3 e5 6. Ndb5 d6 7. Bg5 a6
8. Na3 b5 9. Bxf6 gxf6 10. Nd5 Bg7 11. Qh5 Ne7 12. Ne3 Be6 13. Bd3 Qb6 14.
O-O Qd4 15. Rab1 Bxa2 16. Rfd1 O-O 17. Bc4 Bxb1 18. Rxd4 exd4 19. Bd3 dxe3
20. Nxb1 exf2+ 21. Kxf2 Ng6 22. Nc3 Rfe8 23. Nd5 Re5 24. Qg4 Rd8 25. g3 f5
26. Qf3 fxe4 27. Bxe4 Rde8 28. Bd3 Re1 29. c3 Ra1 30. Nc7 Rd8 31. Qd5 Ne5
32. Bc2 Rc8 33. Qb7 Rd8 34. Qe4 Ng6 35. Bb3 Kh8 36. Kg2 f5 37. Qxf5 Rf8 38.
Qh5 Raf1 39. Ne6 R8f2+ 40. Kh3 Rh1 0-1

[Event "6th EICC"]
[Site "Warsaw POL"]
[Date "2005.06.20"]
[Round "3"]
[White "Berescu,A"]
[Black "Godlauskas,K"]
[Result "1-0"]
[WhiteElo "2439"]
[BlackElo "2193"]
[EventDate "2005.06.18"]

1. e4 e6 2. d4 d5 3. Nc3 Nf6 4. Bg5 Bb4 5. e5 h6 6. Bd2 Bxc3 7. bxc3 Ne4 8.
Qg4 g6 9. Bd3 Nxd2 10. Kxd2 c5 11. h4 Bd7 12. h5 g5 13. f4 c4 14. Be2 f5
15. exf6 e5 16. Qf3 e4 17. Qg3 Qxf6 18. fxg5 Qxg5+ 19. Qxg5 hxg5 20. Nh3
Nc6 21. Nxg5 Ke7 22. Nh3 Bxh3 23. Rxh3 Rag8 24. g4 Nd8 25. Rf1 Rg5 26. Ke3
Ne6 27. Rh2 Rf8 28. Rhf2 b5 29. Rxf8 Nxf8 30. Rb1 a6 31. a4 bxa4 32. Rb6
Ne6 33. Rxa6 Rg8 34. Rxa4 Kf6 35. Ra6 Re8 36. Bxc4 1-0

[Event "6th EICC"]
[Site "Warsaw POL"]
[Date "2005.06.20"]
[Round "3"]
[White "Galazewski,T"]
[Black "Krysztofiak,M"]
[Result "1/2-1/2"]
[WhiteElo "2137"]
[BlackElo "2401"]
[EventDate "2005.06.18"]

1. e4 c5 2. Nf3 e6 3. d4 cxd4 4. Nxd4 a6 5. c4 Nf6 6. f3 Qc7 7. Be3 d5 8.
Nc3 e5 9. Nxd5 Nxd5 10. cxd5 exd4 11. Qxd4 Nd7 12. Rc1 Qd6 13. a3 Qf6 14.
Qd2 Bd6 15. f4 O-O 16. e5 Nxe5 17. fxe5 Bxe5 18. Bd3 Re8 19. Rc4 g6 20. Re4
Bd7 21. Bg5 Qd6 22. O-O Bxh2+ 23. Kh1 Rxe4 24. Bxe4 Bb5 25. Rf6 Qe5 26. d6
Qxe4 27. Kxh2 Qe5+ 28. Qf4 Qd5 29. Qd2 Qe5+ 30. Qf4 Qd5 31. Qd2 Qe5+ 32.
Qf4 1/2-1/2

[Event "6th EICC"]
[Site "Warsaw POL"]
[Date "2005.06.20"]
[Round "3"]
[White "Lagowski,P"]
[Black "Krasiewicz,R"]
[Result "1-0"]
[WhiteElo "2393"]
[BlackElo "2056"]
[EventDate "2005.06.18"]

1. d4 d5 2. c4 dxc4 3. Nf3 Nf6 4. g3 Bg4 5. Ne5 Be6 6. Bg2 c6 7. Na3 Nbd7
8. Naxc4 g6 9. O-O Bg7 10. e4 O-O 11. Be3 Ng4 12. Nxd7 Nxe3 13. fxe3 Qxd7
14. d5 Bh3 15. Bxh3 Qxh3 16. dxc6 bxc6 17. Rc1 h5 18. Qf3 Rad8 19. b3 Rd3
20. Rcd1 Rxd1 21. Rxd1 h4 22. Rd2 hxg3 23. hxg3 Qe6 24. Qf4 a5 25. a4 Bc3
26. Rd3 Bb4 27. Kg2 Kg7 28. Qe5+ Qxe5 29. Nxe5 Rc8 30. Rd7 Bc3 31. Nc4 Kf8
32. Rd3 Bb4 33. Kf3 f6 34. e5 Kf7 35. exf6 exf6 36. e4 Ke6 37. e5 Rf8 38.
Ke4 Rh8 39. exf6 Kxf6 40. Rd7 Rh1 41. Rc7 Re1+ 42. Kd3 Rg1 43. Rxc6+ Kg5
44. Nxa5 Rxg3+ 45. Kc4 Be1 46. Re6 Bd2 47. Re2 Rg4+ 48. Kb5 Bc3 49. Nc4 Kf4
50. a5 Rg5+ 51. Ka4 Rg1 52. a6 Ra1+ 53. Na3 Bd4 54. Rd2 Be3 55. Rd6 Bf2 56.
Rd7 Rc1 57. Rf7+ Ke3 58. Nc4+ Ke2 59. Rxf2+ Kxf2 60. a7 1-0

[Event "6th EICC"]
[Site "Warsaw POL"]
[Date "2005.06.20"]
[Round "3"]
[White "Krzymowski,A"]
[Black "Bruno,F"]
[Result "0-1"]
[WhiteElo "2034"]
[BlackElo "2374"]
[EventDate "2005.06.18"]

1. e4 c5 2. Nc3 e6 3. Nge2 Nc6 4. g3 Be7 5. Bg2 a6 6. O-O d6 7. d3 b5 8.
Be3 b4 9. Nb1 Rb8 10. f4 Nf6 11. h3 d5 12. e5 Nd7 13. d4 a5 14. c3 Ba6 15.
Rf2 O-O 16. f5 Bxe2 17. Qxe2 bxc3 18. bxc3 cxd4 19. cxd4 Qb6 20. Qd2 Rfc8
21. h4 Bb4 22. Qd3 Be1 23. Rf1 Qb2 24. Na3 Nb4 25. Qd1 Qxa3 26. Rxe1 Nc2
27. Qf3 Rc3 28. fxe6 fxe6 29. Rf1 Rxe3 30. Qf7+ Kh8 31. Rac1 Re2 32. Bf3
Nxd4 33. Rc7 Nxf3+ 34. Qxf3 Qxf3 35. Rxf3 Nxe5 36. Rb3 Rf8 37. Rbb7 h6 38.
Rxg7 Rff2 0-1

[Event "6th EICC"]
[Site "Warsaw POL"]
[Date "2005.06.21"]
[Round "4"]
[White "Mamedyarov,S"]
[Black "Dreev,A"]
[Result "1/2-1/2"]
[WhiteElo "2646"]
[BlackElo "2705"]
[EventDate "2005.06.18"]

1. d4 d5 2. c4 c6 3. Nc3 Nf6 4. Nf3 e6 5. Bg5 Nbd7 6. e3 Qa5 7. Nd2 Bb4 8.
Qc2 O-O 9. Be2 c5 10. Nb3 Qa4 11. Bxf6 Nxf6 12. O-O 1/2-1/2

[Event "6th EICC"]
[Site "Warsaw POL"]
[Date "2005.06.21"]
[Round "4"]
[White "Smirnov,P"]
[Black "Krasenkow,M"]
[Result "1/2-1/2"]
[WhiteElo "2624"]
[BlackElo "2672"]
[EventDate "2005.06.18"]

1. e4 e5 2. Nf3 Nc6 3. Bb5 a6 4. Ba4 Nf6 5. O-O Nxe4 6. d4 b5 7. Bb3 d5 8.
dxe5 Be6 9. Be3 Be7 10. c3 O-O 11. Nbd2 Qd7 12. Re1 f5 13. exf6 Nxf6 14. a4
Bg4 15. h3 Bh5 16. axb5 axb5 17. Ne4 Rad8 18. Ng3 Bxf3 19. Qxf3 Ne5 20. Qf5
Nc4 21. Bd4 Rf7 22. Bc2 g6 23. Qxd7 Nxd7 24. b4 Bd6 25. h4 Re7 26. h5 Rxe1+
27. Rxe1 Kf7 28. hxg6+ hxg6 29. f4 1/2-1/2

[Event "6th EICC"]
[Site "Warsaw POL"]
[Date "2005.06.21"]
[Round "4"]
[White "Milov,V"]
[Black "Karjakin,Sergey"]
[Result "1/2-1/2"]
[WhiteElo "2653"]
[BlackElo "2635"]
[EventDate "2005.06.18"]

1. d4 d5 2. c4 dxc4 3. e3 Nf6 4. Bxc4 e6 5. Nf3 a6 6. O-O c5 7. a4 Nc6 8.
Qe2 Be7 9. Rd1 O-O 10. dxc5 Qc7 11. b3 e5 12. h3 e4 13. Nd4 Ne5 14. Bb2
Bxc5 15. Nd2 Qe7 16. Nf1 Bd7 17. Ng3 g6 18. Qc2 Rac8 19. a5 Rfe8 20. Nde2
Bc6 21. Nc3 Ned7 22. Nce2 Ne5 23. Nc3 1/2-1/2

[Event "6th EICC"]
[Site "Warsaw POL"]
[Date "2005.06.21"]
[Round "4"]
[White "Ivanchuk,V"]
[Black "Naiditsch,A"]
[Result "1/2-1/2"]
[WhiteElo "2739"]
[BlackElo "2626"]
[EventDate "2005.06.18"]

1. Nf3 Nf6 2. c4 e6 3. g3 d5 4. Bg2 dxc4 5. Qa4+ Nbd7 6. Qxc4 a6 7. Qb3 Rb8
8. d4 b5 9. O-O Bb7 10. Bf4 Bd6 11. Rc1 Bxf4 12. gxf4 Nd5 13. e3 c5 14.
dxc5 Rc8 15. c6 Bxc6 16. Qa3 Bb7 17. Nbd2 b4 18. Qd3 O-O 19. Nb3 N5f6 20.
Qf1 Qb6 21. Nfd4 e5 22. fxe5 Nxe5 23. Rxc8 Rxc8 24. Rc1 Rxc1 25. Qxc1 Nfd7
26. Bxb7 Qxb7 27. Na5 Qe4 28. Qc8+ Nf8 29. Qf5 Qxf5 30. Nxf5 Ne6 31. Ne7+
Kf8 32. Nd5 Nd3 33. b3 Nd8 34. Kf1 h5 35. f4 g6 36. Kg2 Ke8 37. Kf3 Kd7 38.
e4 Nc6 39. Nxc6 Kxc6 40. Ke3 Nc1 41. Nxb4+ Kb5 42. Nd3 Nxa2 43. Kd4 a5 44.
h4 Nb4 45. Ne5 Nc2+ 46. Kc3 Ne3 47. Nxf7 Ng2 48. f5 gxf5 49. Nd6+ Kc6 50.
Nxf5 Kc5 51. Kd2 Nf4 52. Kc2 Ng6 53. Kc3 Ne5 54. Nd4 Kd6 55. Nf5+ Kc5 56.
Ne3 Nf3 57. Ng2 Ne5 58. Nf4 Nf3 59. Ng2 Ne5 60. Ne1 Kb5 61. Nc2 Ng6 62.
Nd4+ Kc5 63. Nf3 Nf4 64. Ne5 Ne2+ 65. Kd3 Nf4+ 66. Ke3 Ng2+ 67. Kf2 Nxh4
68. Kg3 Kd4 69. Nc6+ Kxe4 70. Kxh4 Kd3 71. Nxa5 Kc3 72. Kxh5 Kb4 1/2-1/2

[Event "6th EICC"]
[Site "Warsaw POL"]
[Date "2005.06.21"]
[Round "4"]
[White "Riazantsev,A"]
[Black "Bologan,V"]
[Result "1/2-1/2"]
[WhiteElo "2608"]
[BlackElo "2700"]
[EventDate "2005.06.18"]

1. d4 Nf6 2. c4 e6 3. Nf3 d5 4. Nc3 c5 5. cxd5 Nxd5 6. e3 Nc6 7. Bd3 cxd4
8. exd4 Bb4 9. Bd2 Be7 10. O-O O-O 11. a3 Bf6 12. Qc2 g6 13. Bh6 Re8 14.
Rad1 Nxc3 15. bxc3 Bd7 16. Qd2 e5 17. dxe5 Nxe5 18. Nxe5 Bxe5 19. Bxg6 hxg6
20. Qxd7 Qxd7 21. Rxd7 b5 22. Be3 a6 23. Bd4 Rac8 24. g3 Bxd4 25. Rxd4 Rxc3
26. a4 Rc4 27. Rxc4 bxc4 28. Rc1 Rc8 29. Kf1 c3 30. Ke2 Rc4 31. Kd3 Rxa4
32. Rxc3 Ra2 33. Ke3 Rb2 1/2-1/2

[Event "6th EICC"]
[Site "Warsaw POL"]
[Date "2005.06.21"]
[Round "4"]
[White "Alekseev,Evgeny"]
[Black "Aronian,L"]
[Result "1/2-1/2"]
[WhiteElo "2597"]
[BlackElo "2693"]
[EventDate "2005.06.18"]

1. e4 e5 2. Nf3 Nc6 3. Bb5 a6 4. Ba4 Nf6 5. O-O Be7 6. Re1 b5 7. Bb3 O-O 8.
c3 d5 9. exd5 Nxd5 10. Nxe5 Nxe5 11. Rxe5 c6 12. d4 Bd6 13. Re1 Qh4 14. g3
Qh3 15. Be3 Bg4 16. Qd3 Rae8 17. Nd2 Re6 18. Bg5 Rfe8 19. Rxe6 Rxe6 20. Ne4
Bf5 21. f3 Bxg3 22. hxg3 Bxe4 23. fxe4 Rg6 24. Qf3 Rxg5 25. Kf2 Nf6 26. Rg1
Qh2+ 27. Rg2 Qh1 28. e5 Ng4+ 29. Ke2 Rf5 30. Qxf5 Qxg2+ 31. Ke1 Qg1+ 32.
Ke2 Qg2+ 33. Ke1 Qxg3+ 34. Ke2 Qe3+ 35. Kf1 Qc1+ 36. Ke2 Qe3+ 37. Kf1 Qh3+
38. Ke2 1/2-1/2

[Event "6th EICC"]
[Site "Warsaw POL"]
[Date "2005.06.21"]
[Round "4"]
[White "Radjabov,T"]
[Black "Kozul,Z"]
[Result "1-0"]
[WhiteElo "2673"]
[BlackElo "2591"]
[EventDate "2005.06.18"]

1. e4 c5 2. Nf3 d6 3. d4 cxd4 4. Nxd4 Nf6 5. Nc3 Nc6 6. Bg5 e6 7. Qd2 a6 8.
O-O-O Bd7 9. f4 b5 10. e5 dxe5 11. fxe5 Nxe5 12. Qe1 h6 13. Bh4 Ng6 14.
Bxf6 Qxf6 15. Bd3 Bc5 16. Nd5 Qg5+ 17. Kb1 O-O 18. Nc7 Bxd4 19. Nxa8 e5 20.
Nc7 Nf4 21. Be4 Nxg2 22. Qb4 Ne3 23. Rdg1 Nxc2 24. Qxf8+ Kxf8 25. Rxg5 hxg5
26. Kxc2 f5 27. Bb7 g4 28. Rd1 f4 29. Be4 Ke7 30. Nd5+ 1-0

[Event "6th EICC"]
[Site "Warsaw POL"]
[Date "2005.06.21"]
[Round "4"]
[White "Nisipeanu,LD"]
[Black "Babula,V"]
[Result "1-0"]
[WhiteElo "2670"]
[BlackElo "2584"]
[EventDate "2005.06.18"]

1. e4 c5 2. Nf3 d6 3. d4 cxd4 4. Nxd4 Nf6 5. Nc3 e6 6. f4 Nc6 7. Be3 a6 8.
Qf3 Bd7 9. Bd3 Be7 10. g4 Nxd4 11. Bxd4 e5 12. fxe5 dxe5 13. Bxe5 Nxg4 14.
Bg3 Qa5 15. O-O O-O 16. Nd5 Rae8 17. Kh1 Qc5 18. Rg1 Bg5 19. Rae1 f5 20.
exf5 Ne3 21. Bf2 Bc6 22. c4 Qd4 23. Rxg5 Qxd3 24. Bxe3 Qxc4 25. f6 Re6 26.
Rxg7+ Kh8 27. Rxh7+ 1-0

[Event "6th EICC"]
[Site "Warsaw POL"]
[Date "2005.06.21"]
[Round "4"]
[White "Volkov,S1"]
[Black "Guseinov,G"]
[Result "1-0"]
[WhiteElo "2634"]
[BlackElo "2573"]
[EventDate "2005.06.18"]

1. d4 Nf6 2. c4 g6 3. Nc3 Bg7 4. e4 d6 5. Be2 O-O 6. Nf3 Bg4 7. Be3 Nfd7 8.
Rc1 a6 9. b4 c5 10. bxc5 dxc5 11. d5 b5 12. cxb5 axb5 13. Nxb5 Qa5+ 14. Bd2
Qa4 15. a3 Qxe4 16. Rc4 Qf5 17. Rf4 Qh5 18. h3 Bxf3 19. Rxf3 Qxd5 20. Nc7
Qb7 21. Nxa8 Qxa8 22. O-O Nc6 23. Re3 Nd4 24. Rxe7 Ne5 25. Bh6 Bxh6 26.
Rxe5 Qxa3 27. Bc4 Bg7 28. Re7 Bf6 29. Rb7 Qc3 30. Qa4 Kg7 31. Qa2 Nf5 32.
Rxf7+ Rxf7 33. Bxf7 Bd4 34. Qb3 Qxb3 35. Bxb3 Nd6 36. Rc1 Kf6 37. Rc2 g5
38. g3 h5 39. Kg2 h4 40. gxh4 gxh4 41. Kf3 Nb5 42. Rc1 Nd6 43. Rd1 Kf5 44.
Rg1 c4 45. Rg4 Ke5 46. Bc2 c3 47. Rxh4 Nc4 48. Rh5+ Kf6 49. Ke4 Be5 50. Kd5
Nb6+ 51. Kc5 Nd7+ 52. Kc6 Nb8+ 53. Kd5 Bh2 54. Rf5+ Ke7 55. Kd4 Nc6+ 56.
Kxc3 Ke6 57. Rh5 Ne7 58. Kd2 Kf6 59. Ke3 Be5 60. Be4 1-0

[Event "6th EICC"]
[Site "Warsaw POL"]
[Date "2005.06.21"]
[Round "4"]
[White "Stefansson,H"]
[Black "Beliavsky,A"]
[Result "1/2-1/2"]
[WhiteElo "2573"]
[BlackElo "2630"]
[EventDate "2005.06.18"]

1. e4 e5 2. Nf3 Nc6 3. Bb5 a6 4. Ba4 Nf6 5. O-O b5 6. Bb3 Bb7 7. d3 Be7 8.
Re1 O-O 9. h3 d6 10. a3 Na5 11. Ba2 c5 12. Nc3 Nc6 13. Nh2 Nd4 14. Ng4 Nxg4
15. hxg4 Bg5 16. Bd5 Rb8 17. Bxb7 Rxb7 18. Nd5 g6 19. c3 Bxc1 20. Rxc1 Ne6
21. g3 Qg5 22. Ne3 Kg7 23. Kg2 h5 24. Rh1 hxg4 25. Qxg4 Qxg4 26. Nxg4 f5
27. Ne3 f4 28. Nd5 c4 29. gxf4 Nxf4+ 30. Nxf4 Rxf4 31. f3 Rbf7 32. Rh3 Kf6
33. Rd1 Ke6 34. d4 d5 35. exd5+ Kxd5 1/2-1/2

[Event "6th EICC"]
[Site "Warsaw POL"]
[Date "2005.06.21"]
[Round "4"]
[White "Neverov,V"]
[Black "Najer,E"]
[Result "1/2-1/2"]
[WhiteElo "2566"]
[BlackElo "2615"]
[EventDate "2005.06.18"]

1. Nf3 d5 2. c4 d4 3. g3 Nc6 4. Bg2 e5 5. O-O Nf6 6. d3 Nd7 7. e3 Be7 8.
exd4 exd4 9. Nbd2 Nc5 10. Nb3 Ne6 11. Re1 O-O 12. Bd2 a5 13. Ne5 Nxe5 14.
Rxe5 a4 15. Ra5 Bd7 16. Rxa8 Qxa8 17. Nc1 Bc6 18. Bxc6 bxc6 19. Ne2 Bd6 20.
Qc2 h5 21. Re1 Rb8 22. f4 Qb7 23. Bc1 Qb4 24. Rf1 f5 25. Kg2 Kf8 26. h4 g6
27. Kf2 Be7 28. Re1 Bf6 29. Ng1 Nc5 30. Nf3 Re8 31. Rxe8+ Kxe8 32. Ke2 Kd7
33. Bd2 Qb8 34. Kd1 Qe8 35. Ne1 Qb8 36. Nf3 Qe8 37. Ne1 Qb8 38. Ba5 Qb7 39.
Kc1 Qa8 40. Bb4 Ne6 41. Qg2 Qb8 42. Bd2 Nc5 43. Qe2 Qe8 44. Qxe8+ Kxe8 45.
Kc2 Ne6 46. Nf3 Kd7 47. Bb4 c5 48. Bd2 Kc6 49. b3 axb3+ 50. Kxb3 Kb6 51. a4
Kb7 52. a5 Ka6 53. Ka4 c6 54. Bc1 Kb7 55. Bd2 1/2-1/2

[Event "6th EICC"]
[Site "Warsaw POL"]
[Date "2005.06.21"]
[Round "4"]
[White "Winants,L"]
[Black "Asrian,K"]
[Result "1/2-1/2"]
[WhiteElo "2535"]
[BlackElo "2611"]
[EventDate "2005.06.18"]

1. d4 d5 2. Bf4 c6 3. e3 Qb6 4. b3 Bf5 5. Bd3 Bxd3 6. Qxd3 Nd7 7. Nf3 Ngf6
8. O-O e6 9. c4 Be7 10. h3 Qa6 11. Nc3 Ng8 1/2-1/2

[Event "6th EICC"]
[Site "Warsaw POL"]
[Date "2005.06.21"]
[Round "4"]
[White "Motylev,A"]
[Black "Pantsulaia,L"]
[Result "1/2-1/2"]
[WhiteElo "2680"]
[BlackElo "2496"]
[EventDate "2005.06.18"]

1. e4 c6 2. d4 d5 3. e5 Bf5 4. Nf3 e6 5. Be2 Nd7 6. O-O Bg6 7. c3 Nh6 8.
Na3 Be7 9. Nc2 Nf5 10. Nce1 c5 11. h3 cxd4 12. cxd4 Nh4 13. Nxh4 Bxh4 14.
g3 Be7 15. h4 h6 16. h5 Be4 17. Bd3 Bxd3 18. Nxd3 O-O 19. Be3 Rc8 20. Qa4
1/2-1/2

[Event "6th EICC"]
[Site "Warsaw POL"]
[Date "2005.06.21"]
[Round "4"]
[White "Palac,M"]
[Black "Van Wely,L"]
[Result "1/2-1/2"]
[WhiteElo "2574"]
[BlackElo "2687"]
[EventDate "2005.06.18"]

1. e4 c5 2. Nf3 Nc6 3. d4 cxd4 4. Nxd4 Nf6 5. Nc3 e5 6. Ndb5 d6 7. Bg5 a6
8. Na3 b5 9. Nd5 Be7 10. Bxf6 Bxf6 11. c3 Bg5 12. Nc2 Rb8 13. a4 bxa4 14.
Ncb4 Bd7 15. Bxa6 Nxb4 16. Nxb4 Qa5 17. Qxd6 Rb6 18. Qd3 Be7 19. Nd5 Rxb2
20. O-O Qc5 21. Rab1 Rxb1 22. Rxb1 1/2-1/2

[Event "6th EICC"]
[Site "Warsaw POL"]
[Date "2005.06.21"]
[Round "4"]
[White "Wojtaszek,R"]
[Black "Sokolov,I"]
[Result "1-0"]
[WhiteElo "2569"]
[BlackElo "2662"]
[EventDate "2005.06.18"]

1. Nf3 d5 2. c4 c6 3. e3 Nf6 4. Nc3 a6 5. b3 Bg4 6. Bb2 e5 7. h3 Bxf3 8.
Qxf3 Be7 9. g4 e4 10. Qg2 O-O 11. f3 exf3 12. Qxf3 Ne4 13. Nxe4 dxe4 14.
Qxe4 Bh4+ 15. Kd1 Bf6 16. Bd3 g6 17. Bxf6 Qxf6 18. Kc2 c5 19. Qf4 Qb6 20.
Be4 Nc6 21. a3 a5 22. Bxc6 Qxc6 23. a4 Rad8 24. Rad1 Rfe8 25. Rhf1 Rd7 26.
Qf3 Qb6 27. h4 Re6 28. h5 Qb4 29. Qf4 Rb6 30. Qb8+ Kg7 31. h6+ Kxh6 32.
Rh1+ Kg7 33. Rxh7+ Kf6 34. Qh8+ Ke6 35. Qc3 Rbd6 36. d4 Ke7 37. Rf1 Rf6 38.
Rxf6 Qxc3+ 39. Kxc3 Kxf6 40. d5 Kg5 41. e4 Kf4 42. Kd3 Re7 43. g5 b6 44.
Rh8 Rb7 45. Rf8 Re7 46. Rb8 Rxe4 47. Rxb6 Re3+ 48. Kd2 Rg3 49. Rb7 Ke5 50.
Rxf7 Rxb3 51. Rf6 Kd4 52. Rf4+ Ke5 53. Rf6 Kd4 54. Rxg6 Kxc4 55. d6 Rd3+
56. Ke2 Rd4 57. Rf6 Kd5 58. g6 Kc6 59. Kf3 Rd3+ 60. Kf4 Rd1 61. Kf5 Rg1 62.
Ke6 c4 63. Ke7 1-0

[Event "6th EICC"]
[Site "Warsaw POL"]
[Date "2005.06.21"]
[Round "4"]
[White "Mastrovasilis,D"]
[Black "Kobalia,M"]
[Result "1-0"]
[WhiteElo "2562"]
[BlackElo "2644"]
[EventDate "2005.06.18"]

1. e4 c5 2. Nf3 e6 3. d4 cxd4 4. Nxd4 a6 5. Bd3 Bc5 6. Nb3 Ba7 7. Qe2 Nc6
8. Be3 Nge7 9. Nc3 d6 10. f4 b5 11. Bxa7 Rxa7 12. Qf2 O-O 13. O-O b4 14.
Ne2 Rc7 15. Rad1 Re8 16. Ng3 Kh8 17. Nh5 Ng8 18. e5 d5 19. Nd2 Qe7 20. Nf3
g6 21. Ng3 Na5 22. Ne2 Nc4 23. b3 Nb2 24. Rc1 Bb7 25. Qd4 Qc5 26. Rb1 Nxd3
27. cxd3 a5 28. Rbc1 Qxd4+ 29. Nexd4 Rec8 30. Rxc7 Rxc7 31. Nb5 Rc2 32. Nd6
Rc7 33. Nb5 Rc2 34. Nfd4 Rd2 35. Nd6 Rxd3 36. Nxf7+ Kg7 37. Ng5 Bc8 38. Rc1
Ne7 39. Rc7 Kf8 40. Nc6 Rc3 41. Nxh7+ Kg8 42. Nxe7+ Kxh7 43. Rxc8 1-0